| 000 | 00739nam a2200205Ia 4500 | ||
|---|---|---|---|
| 008 | 130821s2002 ck a gr spa | ||
| 020 | _a9588119618 | ||
| 040 |
_aCo-BoUCM _bspa |
||
| 041 | 0 | 0 | _aspa |
| 100 | 1 |
_aRojas Libreros, Gentil _9116903 |
|
| 245 | 1 | 0 |
_aConceptualización y métodos para la competitividad internacional _cGentil Rojas Libreros |
| 260 |
_aCali (Valle, Colombia) _bEditorial Universidad Santiago de Cali _c2002 |
||
| 300 |
_a208 páginas _bilustraciones |
||
| 504 | _aIncluye bibliografía | ||
| 650 | 0 | 4 |
_aAdministración de empresas _9435 |
| 650 | 0 | 4 |
_aComercio internacional _911207 |
| 650 | 0 | 4 |
_aCompetitividad _911271 |
| 942 |
_cLIBRO _a16 _e1 _mR741c _2DEWEY _h658.848 |
||
| 999 |
_c61694 _d61694 |
||